| 000 | 01466cam a2200241 4500 | ||
|---|---|---|---|
| 001 | ABS64855 | ||
| 008 | 011214n2001 000 0 eng u | ||
| 035 | _a(Sirsi) u116002 | ||
| 100 | _aCottam, G | ||
| 245 | _aGet to know the FIDIC conditions of contract | ||
| 260 | _c2001 | ||
| 490 |
_aConstruction News _v(6741) 8 November 2001, 38(1) |
||
| 520 | _aExamines the 1999 edition of the FIDIC conditions of contract which are becoming increasingly popular in Europe as contractors operate across national borders. Recommends a new book to practitioners, "FIDIC users' guide - a practical guide to the 1999 Red Book" by Brian Totterdill which sets out the procedures that are required by the new editions. Explains how FIDIC deals with procedures in relation to claims; the right to extensions of time and increased payments is lost if notice of a claim is not given within 28 days of when the contractor 'became aware, or should have become aware, of the event' giving rise to the claim. Also considers FIDIC's use of the Dispute Adjudication Board as the chosen method of resolving disputes on an interim basis. | ||
| 590 | _aABS | ||
| 650 | _aFIDIC CONDITIONS OF CONTRACT | ||
| 650 |
_aDISPUTE RESOLUTION _96236 |
||
| 650 | _aDISPUTE ADJUDICATION BOARD | ||
| 650 | _aINTERNATIONAL CONSTRUCTION CONTRACTS | ||
| 650 | _aRICS APPRAISAL AND VALUATION MANUAL | ||
| 650 | _aCLAIMS | ||
| 690 | _aBUILT ENVIRONMENT-BUILDING CONTRACT FORMS | ||
| 942 | _n0 | ||
| 999 |
_c69114 _d69114 |
||